000 00689nam a2200229 4500
001 818160
005 20150407095155.0
008 000
010 _a 76029345
020 _a0070491380
040 _aUOEL
_cDLC
_dDLC
050 0 0 _aTK7888.3
_b.P37
082 0 0 _a001.6/4/04
100 1 _aPeatman, John B.
245 1 0 _aMicrocomputer-based design /
_cJohn B. Peatman.
260 _aNew York :
_bMcGraw-Hill,
_cc1977.
300 _axiii, 540 p. :
_bill. ;
_c25 cm.
504 _aIncludes bibliographical references and index.
650 0 _aMicrocomputers.
_xElectrical engineering ,Electronics. Nuclear engineering
906 _a7
_bcbc
_corignew
_d1
_eocip
_f19
_gy-gencatlg
942 _2lcc
_cLL
999 _c3845
_d3845